000 00325nam a2200145Ia 4500
100 _aGarg/K Vijay/ Wilkes/J.E
942 _cBK
654 _aGSM
245 _aPrinciples and applications of GSM
260 _bPearson Education
_aMumbai
_c1999
082 _a621.382/GAR
300 _a479
546 _aENGLISH
999 _c22974
_d22974